| 000 | 00630nam a2200241Ia 4500 | ||
|---|---|---|---|
| 001 | Z_5495 | ||
| 003 | CHAP | ||
| 008 | 220113s2007 xx 000 0 und d | ||
| 010 | _a168580 | ||
| 040 | _cCHAP | ||
| 090 | _aFolleto 725 | ||
| 100 |
_aCastillo López, Ezequías _920161 |
||
| 245 |
_aManual de procedimientos del módulo de bovinos de carne / _cEzequías Castillo López |
||
| 260 |
_aChapingo, Méx. : _bUACH. Departamento de Zootecnia, _c2007 |
||
| 300 | _a18 p. | ||
| 650 |
_aGanado bovino _9138033 |
||
| 901 | _aFOLLETO 725 | ||
| 902 | _aA | ||
| 910 | _a2007 | ||
| 942 | _cc14 | ||
| 942 | _cc14 | ||
| 999 |
_c168580 _d168580 |
||